000
00202 a2200097 4500
001
862
100
_a
Shea,T.E
245
_a
Amplifier handbook
260
_a
London
_b
Mcgrawhill
_c
1966
090
_c
453
_d
453
942
_a
NUST-CAE
_c
_c
30856
999
_c
235935
_d
235935